La argumentación
Salvato in:
| Autore principale: | |
|---|---|
| Natura: | Libro |
| Lingua: | spagnolo |
| Pubblicazione: |
Barcelona
Ariel
2002
|
| Edizione: | 3a. ed |
| Serie: | Colección Ariel Practicum
|
| Soggetti: | |
| Tags: |
Aggiungi Tag
Nessun Tag, puoi essere il primo ad aggiungerne!!
|
MARC
| LEADER | 00000nam a2200000 a 4500 | ||
|---|---|---|---|
| 001 | UCM7446 | ||
| 003 | CL-VaPUC | ||
| 008 | 021220e20020000SP |||||||||||||||||spa|d | ||
| 020 | |a 8434428199 | ||
| 082 | 0 | 4 | |a 808.066 |b PLA |2 21 |
| 100 | 0 | |a Plantin, Christian |e author |9 473030 | |
| 245 | 1 | 3 | |a La argumentación |
| 250 | |a 3a. ed | ||
| 300 | |a 159 p | ||
| 942 | |c BK | ||
| 945 | |d 20021220 00:00:00 |a cmena | ||
| 260 | |a Barcelona |b Ariel |c 2002 | ||
| 650 | 0 | |a Redacción |9 320524 | |
| 650 | 0 | |a Análisis del discurso |9 256696 | |
| 650 | 0 | |a Retórica |9 266620 | |
| 650 | 0 | |a Discursos |9 265028 | |
| 583 | |a last modification |c 20021220 00:00:00 |k Rodrigo Vera | ||
| 490 | 0 | |a Colección Ariel Practicum | |
| 999 | |c 302238 |d 302236 | ||
| 952 | |0 0 |1 0 |4 0 |6 808_066000000000000_PLA_2002 |7 0 |8 A |9 362372 |a FDOPOS |b FDOPOS |d 2019-11-21 |i 3869873 |o 808.066 PLA 2002 |p 3869873 |r 2025-01-22 |w 2019-11-21 |y BK |k MLA | ||
| 952 | |0 0 |1 0 |4 0 |6 808_066000000000000_PLA_2002 |7 0 |8 DER_TF |9 362373 |a BIBDER |b BIBDER |d 2019-11-21 |i 3936864 |l 1 |m 1 |o 808.066 PLA 2002 |p 3936864 |r 2023-01-25 |s 2022-09-14 |w 2019-11-21 |x Ubicación 4to Piso |y BK |z Estos recursos deben solicitarse con anticipación |k DER | ||
| 952 | |0 0 |1 0 |4 0 |6 808_066000000000000_PLA_2002 |7 0 |8 A |9 362374 |a FDOPOS |b FDOPOS |d 2019-11-21 |i 4005678 |o 808.066 PLA 2002 |p 4005678 |r 2025-01-22 |w 2019-11-21 |y BK |k MLA | ||